| 000 | 00647nam a2200205Ia 4500 | ||
|---|---|---|---|
| 003 | GCL | ||
| 008 | 140319s9999 xx 000 0 ara d | ||
| 040 |
_aGCL / _cGCL |
||
| 082 | 0 | 4 |
_a843 _bب ب |
| 100 | 1 | _aفريد انطونيوس (مترجم) | |
| 245 | 1 | 0 |
_aبحوث فى الرواية الجديدة / _cفريد انطونيوس (مترجم) |
| 700 | 1 | _aبوتور، ميشال | |
| 260 |
_a[S.N] : _bمنشورات عويدان ، _c1986 |
||
| 300 | _a157 ص | ||
| 490 |
_aزدنى علما _v0 |
||
| 650 | 0 | 4 | _aالادب الفرنسى |
| 650 | 0 | 4 | _aالقصص الفرنسية |
| 650 | 0 | 4 | _aتاريخ ونقد |
| 942 |
_2ddc _cBK |
||
| 999 |
_c36610 _d36610 |
||